000 00431nam a2200181Ia 4500
008 210210b1945 xxu||||| |||| 00| 0 eng d
041 _aeng
082 _a822/1087
100 _aSHAW (Bernard)
245 _aErybodys political whats what?
260 _aLondon
_bConstatble & Co Ltd.
_c1945
650 _awhats
650 _awhat?
650 _apolitical
650 _aErybodys
690 _aEnglish Prose
906 _a013270
999 _c132135
_d132135